Vývoj globalizovaného sveta v 21. storočí s akcentom na jeho špecifické oblasti záverečná správa grantu I-15-107-00 : rok riešenia - 2015
Salvato in:
| Autore principale: | |
|---|---|
| Ente Autore: | |
| Altri autori: | , , , , |
| Natura: | Libro |
| Lingua: | slovacco |
| Pubblicazione: |
Bratislava
2015
|
| Edizione: | 1. vyd. |
| Soggetti: | |
| Tags: |
Nessun Tag, puoi essere il primo ad aggiungerne!!
|
MARC
| LEADER | 00000nam a2200000 4500 | ||
|---|---|---|---|
| 001 | 0223706 | ||
| 005 | 20240527092558.6 | ||
| 041 | 0 | |a slo | |
| 044 | |a SK | ||
| 245 | 1 | 0 | |a Vývoj globalizovaného sveta v 21. storočí s akcentom na jeho špecifické oblasti |b záverečná správa grantu I-15-107-00 : rok riešenia - 2015 |c zodpovedný riešiteľ: Dušan Steinhauser, spoluriešitelia: Dáša Bebiaková, Hana Petríková, Gabriela Sopková ; recenzenti: Zuzana Kittová, Vladimír Janúšek |
| 250 | |a 1. vyd. | ||
| 264 | 1 | |a Bratislava |c 2015 | |
| 300 | |a 4 s. |e 6 príl. | ||
| 610 | 2 | 0 | |a obchod zahraničný |
| 610 | 2 | 0 | |a trh zahraničný |
| 610 | 2 | 0 | |a podnik zahraničný |
| 610 | 2 | 0 | |a politika zahraničnoobchodná |
| 610 | 2 | 0 | |a stratégia podnikateľská |
| 610 | 2 | 0 | |a teória hier |
| 610 | 2 | 0 | |a správa spoločnosti |
| 610 | 2 | 0 | |a Ukrajina |
| 610 | 2 | 0 | |a Rusko |
| 100 | 1 | |a Steinhauser, Dušan, 1988- | |
| 700 | 1 | |a Bebiaková, Dáša | |
| 700 | 1 | |a Petríková, Hana | |
| 700 | 1 | |a Sopková, Gabriela | |
| 700 | 1 | |a Kittová, Zuzana, 1975- | |
| 700 | 1 | |a Janúšek, Vladimír | |
| 710 | 2 | |a Obchodná fakulta EU. Katedra medzinárodného obchodu | |